| 000 | 00383nam a2200157Ia 4500 | ||
|---|---|---|---|
| 003 | OSt | ||
| 008 | 191201s2011 xx 000 0 und d | ||
| 082 |
_a658.15 _bSRM |
||
| 100 | _aSRIVASTAVA, Ravikash | ||
| 245 | 0 | _aManagerial Economics principles and World Wide Web | |
| 250 | _a12th IMp | ||
| 260 |
_aNew Delhi _bOxford _c2011 |
||
| 300 | _a666 | ||
| 650 | _aMBA | ||
| 942 |
_2ddc _cBK |
||
| 999 |
_c5317 _d5317 |
||